Missing Word: Musical Lyrics Quiz Stats

 Plays Quiz Updated Jun 15, 2017

Support Sporcle.
Go Orange.
Score 0/16 Timer 04:00
1 Play Today
Finish the Lyric Answer % Correct
A spoonful of _____ helps the medicine go downSugar
94.5%
Tale as old as _____/ True as it can beTime
94.3%
Do you hear
the people _____?
Sing
82.9%
Think of me fondly when we've said _____Goodbye
76.5%
I'm the _____
of New York!
King
70.1%
Good morning Baltimore/ Every day's like an open _____Door
62.6%
Summer days _____ away to oh oh the summer nightsDrifting
61.8%
The most beautiful sound I ever heard: _____Maria
60.2%
Finish the Lyric Answer % Correct
I would like to share with you the most amazing _____book
58.2%
Everyone deserves the chance to _____!Fly
56.1%
We are revolting _____ living in revolting timesChildren
49.1%
You want a revolution?
I want a _____
Revelation
40.7%
You are sunlight and I _____/ Joined by the gods of fortuneMoon
36.8%
In my own little _____ in my own little chairCorner
36.4%
Before you board that plane, I owe you a bottle of cold _____Champagne
27.2%
Superboy and the _____ girl/ Everything a kid ought to beInvisible
23.2%

Today's Daily Dose

You're not logged in!

Compare scores with friends on all Sporcle quizzes.
OR
Log In
Forgot?

From the Vault

Nine in Time: Actors II

by Doctor_Arzt

Anything under 30 seconds will count as 'in time', in case you were wondering.
Remove Ads.
Support Sporcle.
Get the best of Sporcle when you Go Orange. This ad-free experience offers more features, more stats, and more fun while also helping to support Sporcle. Thank you for becoming a member.

Show Comments

Extras

Top Quizzes Today


Score Distribution

Your Account Isn't Verified!

In order to create a playlist on Sporcle, you need to verify the email address you used during registration. Go to your Sporcle Settings to finish the process.

Report this User

Report this user for behavior that violates our Community Guidelines.

Details: